| 000 | 00518nam a2200229Ia 4500 | ||
|---|---|---|---|
| 008 | 210210b1876 xxu||||| |||| 00| 0 eng d | ||
| 041 | _aeng | ||
| 082 | _a270/5 | ||
| 100 | _aALZOG (John) | ||
| 245 | _aMannual of universal church history Vol.2 | ||
| 260 |
_aWashington _bNot Mentioned _c1876 |
||
| 300 | _axv,1903 | ||
| 440 | _a2 | ||
| 650 | _aVol.2 | ||
| 650 | _auniversal | ||
| 650 | _aof | ||
| 650 | _aMannual | ||
| 650 | _ahistory | ||
| 650 | _achurch | ||
| 690 | _aChristianity | ||
| 906 | _a001431 | ||
| 999 |
_c116570 _d116570 |
||